<?xml version="1.0" encoding="UTF-8"?>
<collection xmlns="http://www.loc.gov/MARC21/slim">
 <record>
  <leader>00922nam a2200265   4500</leader>
  <controlfield tag="001">000025276</controlfield>
  <controlfield tag="003">21769</controlfield>
  <controlfield tag="005">20170913090911.0</controlfield>
  <controlfield tag="008">170913s2012                        viesd</controlfield>
  <datafield tag="041" ind1="0" ind2=" ">
   <subfield code="a">vie</subfield>
  </datafield>
  <datafield tag="100" ind1="1" ind2=" ">
   <subfield code="a">Phan Ngọc Liên</subfield>
   <subfield code="c">GS.TS.</subfield>
   <subfield code="e">chủ biên</subfield>
  </datafield>
  <datafield tag="245" ind1="1" ind2="0">
   <subfield code="a">Phương pháp dạy học lịch sử</subfield>
   <subfield code="c">Phan Ngọc Liên chủ biên, Trịnh Đình Tùng, Nguyễn Thị Côi</subfield>
  </datafield>
  <datafield tag="250" ind1=" " ind2=" ">
   <subfield code="a">In lần thứ tư</subfield>
  </datafield>
  <datafield tag="260" ind1=" " ind2=" ">
   <subfield code="a">H.</subfield>
   <subfield code="b">Đại học sư phạm</subfield>
   <subfield code="c">2012</subfield>
  </datafield>
  <datafield tag="300" ind1=" " ind2=" ">
   <subfield code="a">2 tập</subfield>
   <subfield code="c">24 cm.</subfield>
  </datafield>
  <datafield tag="774" ind1=" " ind2=" ">
   <subfield code="a">Phan Ngọc Liên</subfield>
   <subfield code="b">In lần thứ tư</subfield>
   <subfield code="d">H.</subfield>
   <subfield code="d">Đại học sư phạm</subfield>
   <subfield code="d">2012</subfield>
   <subfield code="g">Tập 1</subfield>
   <subfield code="h">272 tr.</subfield>
   <subfield code="w">21770</subfield>
  </datafield>
  <datafield tag="774" ind1=" " ind2=" ">
   <subfield code="a">Phan Ngọc Liên</subfield>
   <subfield code="d">Đại học sư phạm</subfield>
   <subfield code="d">H.</subfield>
   <subfield code="d">2012</subfield>
   <subfield code="g">Tập 2</subfield>
   <subfield code="h">280 tr.</subfield>
   <subfield code="w">21771</subfield>
  </datafield>
  <datafield tag="OWN" ind1=" " ind2=" ">
   <subfield code="a">LSP</subfield>
  </datafield>
  <datafield tag="999" ind1=" " ind2=" ">
   <subfield code="a">From the UDN01</subfield>
  </datafield>
  <datafield tag="TYP" ind1=" " ind2=" ">
   <subfield code="a">Monograph</subfield>
  </datafield>
  <datafield tag="TYP" ind1=" " ind2=" ">
   <subfield code="a">Printed language</subfield>
  </datafield>
  <datafield tag="980" ind1=" " ind2=" ">
   <subfield code="a">Mạng thư viện Đại học Đà Nẵng</subfield>
  </datafield>
 </record>
</collection>
